=LDR 00000nam 2200000 4500 =001 INLIS000000000016771 =005 20130612112022 =008 ***********************************Ind** =035 ##$$0010-061300000016771 =041 ##$$a Ind =082 ##$$a 028.5 =090 ##$$a 028.5, War k =100 ##$$a Wardha, Kak Eka =245 ##$$a Kisah nabi Muhammad SAW, kak Eka Wardhana =260 ##$$a Syaamil Cipta Media $b Bandung =300 ##$$a 27 hlm, ilus, 19 cm =650 ##$$a Fiksi anak-anak =850 ##$$a NBPNMAT